000
00327pab a2200145 454500
008
180718b1999 xxu||||| |||| 00| 0 eng d
100
_a
Agarwal, U.C.
245
_a
Issues of reservation
260
_c
1999
300
_a
p.13
362
_a
28 Oct
650
_a
Backward classes
773
_a
Hindustan Times
909
_a
44310
999
_c
44310
_d
44310